LEADER 00670nab a2200169 i 4500 001 000000267230 003 CaOOAMICUS 005 20070904000000.0 008 070904n xx uu u0 0und r 013 $a11729 040 $aSeMil$bita 245 10$aReligiöse Pluralität in der Schule. - Titolo dalla copertina. 500 $a2007/3. 700 1 $aPohl-Patalong, Uta,$d<1965- >.$0(OLS)http://semarc/name/83733 700 1 $aKnauth, Thorsten,$d<1964->.$0(OLS)http://semarc/name/83855 773 0 $t2007.$dGütersloh : Chr. Kaiser Gütersloher Verlagshaus, 2007.$w()159613 996 $6245$aReligiöse Pluralität in der Schule. - Titolo dalla copertina.$9(OLS)http://semarc/title/358230 LEADER 00999nam a2200277 i 4500 001 000000061231 003 CaOOAMICUS 005 20090417000000.0 008 090417s1984 it u000 u ita u 013 $a32403 020 $a88-350-7466-5 040 $aSeMil$bita 100 1 $aPoppi, Antonino.$0(OLS)http://semarc/name/15423 245 13$aLa verità /$cAntonino Poppi. 260 $aBrescia :$bLa Scuola,$c1984. 300 $a286 p. ;$c21 cm. 490 0 $aItinerari filosofici 500 $aCon un'antologia di testi. 650 4$aVerità.$0(OLS)http://semarc/subject/2559 830 0$aItinerari filosofici.$0(OLS)http://semarc/title/6796 850 $aSeMil 852 $aSeMil$W1$xVenegono$y1$m2Q II 330$j27384$B27384$CSeMilBibl$Z2$F27387 $81 961 $aOmaggio: Minotti Stefano 996 $6020$a88-350-7466-5$9(OLS)http://semarc/number/37473 996 $6245$aLa verità$9(OLS)http://semarc/title/96182 996 $6260$aBrescia :$bLa Scuola$9(OLS)http://semarc/publisher/29831